[Event "LSS No Engine Cup 16 Preliminary 5"]
[Site "LSS email"]
[Date "2010.02.07"]
[Round "?"]
[White "Barna, David"]
[Black "Drobotov, Gennady Sergeevich"]
[Result "0-1"]
[WhiteElo "581"]
[BlackElo "1172"]
[PlyCount "30"]
[EventDate "2010.02.08"]
[EventType "tourn (corr)"]
[EventRounds "6"]
[EventCountry "GER"]
[SourceTitle "Corr 2015"]
[Source "ChessBase"]
[SourceDate "2015.07.17"]
[SourceVersion "1"]
[SourceVersionDate "2015.07.17"]
[SourceQuality "1"]

1. e4 e5 2. Nf3 Nf6 3. Nc3 Nc6 4. g3 Bc5 5. Bg2 d6 6. 0-0 0-0 7. Ng5 Nd4 8. d3 Bg4 9. f3 Nxf3+ 10. Kh1 Nxh2 11. Qe1 Nxf1 12. Qxf1 Qd7 13. Bf3 Bxf3+ 14. Qxf3 h6 15. Nh3 Qxh3# 0-1

[Event "LSS No Engine Cup 16 Preliminary 5"]
[Site "LSS email"]
[Date "2010.02.07"]
[Round "?"]
[White "Barna, David"]
[Black "Elias, Benjamim do Vale"]
[Result "0-1"]
[WhiteElo "581"]
[BlackElo "1977"]
[PlyCount "20"]
[EventDate "2010.02.08"]
[EventType "tourn (corr)"]
[EventRounds "6"]
[EventCountry "GER"]
[SourceTitle "Corr 2015"]
[Source "ChessBase"]
[SourceDate "2015.07.17"]
[SourceVersion "1"]
[SourceVersionDate "2015.07.17"]
[SourceQuality "1"]

1. e4 d6 2. d4 c6 3. Be3 Nf6 4. Nf3 Nxe4 5. Bd3 Nf6 6. 0-0 g6 7. Nc3 Bg7 8. Bg5 0-0 9. Bxf6 Bxf6 10. Qd2 Nd7 0-1

[Event "LSS No Engine Cup 16 Preliminary 5"]
[Site "LSS email"]
[Date "2010.02.07"]
[Round "?"]
[White "Jaszczowski, Zdzislaw"]
[Black "Barna, David"]
[Result "1-0"]
[WhiteElo "1040"]
[BlackElo "559"]
[PlyCount "39"]
[EventDate "2010.02.08"]
[EventType "tourn (corr)"]
[EventRounds "6"]
[EventCountry "GER"]
[SourceTitle "Corr 2013"]
[Source "ChessBase"]
[SourceDate "2012.11.12"]
[SourceVersion "1"]
[SourceVersionDate "2012.11.12"]
[SourceQuality "1"]

1. e4 e5 2. Nf3 Nc6 3. Bb5 a6 4. Ba4 b5 5. Bb3 Nf6 6. 0-0 g6 7. Re1 Bg7 8. d4 0-0 9. dxe5 Ng4 10. Bg5 Ne7 11. c3 c6 12. h3 Nxe5 13. Nxe5 Bxe5 14. f4 Qb6+ 15. Kh1 c5 16. fxe5 Nc6 17. Bf6 c4 18. Bc2 h5 19. Qd2 d6 20. Qh6 1-0

[Event "LSS No Engine Cup 14 Preliminary 4"]
[Site "LSS email"]
[Date "2010.01.07"]
[Round "?"]
[White "Barna, David"]
[Black "Bhandarkar, Dinesh"]
[Result "0-1"]
[WhiteElo "621"]
[BlackElo "1400"]
[PlyCount "66"]
[EventDate "2010.01.08"]
[EventType "tourn (corr)"]
[EventRounds "6"]
[EventCountry "GER"]
[SourceTitle "Corr 2013"]
[Source "ChessBase"]
[SourceDate "2012.11.12"]
[SourceVersion "1"]
[SourceVersionDate "2012.11.12"]
[SourceQuality "1"]

1. e4 e5 2. Qh5 Nc6 3. Bc4 g6 4. Qf3 Nf6 5. Ne2 Na5 6. Bb5 c6 7. Ba4 b5 8. Bb3 Bg7 9. Ng3 0-0 10. 0-0 d5 11. Nc3 d4 12. Nce2 Bg4 13. Qd3 Nb7 14. a4 Nc5 15. Bxf7+ Rxf7 16. Qa3 Bf8 17. d3 Ncxe4 18. Qb3 Nc5 19. Qa2 Nxa4 20. b3 Nb6 21. c4 dxc3 22. Nxc3 Nbd5 23. Nce4 Nb4 24. Qa3 Nc2 25. Qb2 Nxa1 26. Qxa1 Nxe4 27. Nxe4 Qxd3 28. Qxe5 Bg7 29. Nf6+ Rxf6 30. Bb2 Rf7 31. Qe6 Bxb2 32. f3 Bd4+ 33. Kh1 Qxf1# 0-1

[Event "LSS No Engine Cup 14 Preliminary 4"]
[Site "LSS email"]
[Date "2010.01.07"]
[Round "?"]
[White "Barna, David"]
[Black "Chandler, Mark"]
[Result "0-1"]
[WhiteElo "631"]
[BlackElo "793"]
[PlyCount "38"]
[EventDate "2010.01.08"]
[EventType "tourn (corr)"]
[EventRounds "6"]
[EventCountry "GER"]
[SourceTitle "Corr 2013"]
[Source "ChessBase"]
[SourceDate "2012.11.12"]
[SourceVersion "1"]
[SourceVersionDate "2012.11.12"]
[SourceQuality "1"]

1. e4 e5 2. Qh5 Nf6 3. Qxe5+ Be7 4. Nf3 Nc6 5. Qf4 0-0 6. Ng5 Nxe4 7. Bd3 Bxg5 8. Qxe4 Re8 9. Qxe8+ Qxe8+ 10. Be2 Nd4 11. Nc3 Nxc2+ 12. Kf1 Nxa1 13. Nd5 Qe5 14. Ne3 Bxe3 15. Bd3 Bxd2 16. Bxd2 Qd5 17. h4 Qxd3+ 18. Ke1 Qb1+ 19. Bc1 Qxc1+ 0-1

[Event "LSS No Engine Cup 13 Preliminary 5"]
[Site "LSS email"]
[Date "2009.12.27"]
[Round "?"]
[White "Barna, David"]
[Black "Reede, Arvo"]
[Result "0-1"]
[WhiteElo "625"]
[BlackElo "880"]
[PlyCount "68"]
[EventDate "2009.12.28"]
[EventType "tourn (corr)"]
[EventRounds "6"]
[EventCountry "GER"]
[SourceTitle "Corr 2013"]
[Source "ChessBase"]
[SourceDate "2012.11.12"]
[SourceVersion "1"]
[SourceVersionDate "2012.11.12"]
[SourceQuality "1"]

1. e4 c5 2. Qh5 e6 3. Nf3 Nf6 4. Qg5 Nxe4 5. Qxd8+ Kxd8 6. d3 Nf6 7. Bf4 d5 8. Nc3 Nc6 9. Be2 d4 10. Nb5 Nh5 11. Bc7+ Ke8 12. Ng5 Nf4 13. Bg4 a6 14. Nd6+ Bxd6 15. Bxd6 Nxg2+ 16. Kf1 Nh4 17. Ne4 f5 18. Bh3 fxe4 19. dxe4 b6 20. Rg1 g6 21. f4 Nb4 22. f5 exf5 23. exf5 Bxf5 24. Re1+ Kd7 25. Be5 Rhf8 26. Bxf5+ Rxf5+ 27. Ke2 Rxe5+ 28. Kd2 Nf3+ 29. Kd1 Rxe1+ 30. Rxe1 Nxe1 31. Kxe1 Nxc2+ 32. Kd2 Nb4 33. a3 Nc6 34. h4 Rf8 0-1

[Event "LSS No Engine Cup 13 Preliminary 5"]
[Site "LSS email"]
[Date "2009.12.27"]
[Round "?"]
[White "Raugstad, Oddvard"]
[Black "Barna, David"]
[Result "1-0"]
[WhiteElo "1309"]
[BlackElo "598"]
[PlyCount "53"]
[EventDate "2009.12.28"]
[EventType "tourn (corr)"]
[EventRounds "6"]
[EventCountry "GER"]
[SourceTitle "Corr 2013"]
[Source "ChessBase"]
[SourceDate "2012.11.12"]
[SourceVersion "1"]
[SourceVersionDate "2012.11.12"]
[SourceQuality "1"]

1. e4 e5 2. Nf3 d6 3. Nc3 Nc6 4. Bb5 Nf6 5. d4 Bd7 6. Bxc6 Bxc6 7. Qd3 g6 8. Bg5 Bg7 9. d5 Bd7 10. Nd1 0-0 11. c4 Qe7 12. a4 a5 13. Nc3 Qe8 14. Bxf6 Bxf6 15. h3 Qe7 16. g4 Bg7 17. 0-0-0 Qf6 18. b3 b5 19. cxb5 h5 20. gxh5 Bh6+ 21. Kb2 Rac8 22. Rdg1 c6 23. dxc6 Bxc6 24. bxc6 Rxc6 25. Nd5 Qd8 26. hxg6 Qd7 27. Nf6+ 1-0

[Event "LSS No Engine Cup Gr11 prel 04 email"]
[Site "LSS email"]
[Date "2009.11.23"]
[Round "?"]
[White "Basson, Heinrich"]
[Black "Barna, David"]
[Result "1-0"]
[WhiteElo "1748"]
[BlackElo "640"]
[PlyCount "59"]
[EventDate "2009.11.24"]
[EventType "tourn (corr)"]
[EventRounds "6"]
[EventCountry "GER"]
[SourceTitle "Telechess CBM 137"]
[Source "ChessBase"]
[SourceDate "2010.07.15"]
[SourceVersion "1"]
[SourceVersionDate "2010.07.15"]
[SourceQuality "1"]

1. d4 d5 2. c4 e6 3. Nc3 Nf6 4. Bg5 Bb4 5. Nf3 Be7 6. e3 Ne4 7. Bxe7 Qxe7 8. Qb3 Nc6 9. cxd5 Na5 10. Qa4+ Bd7 11. Qxa5 Nxc3 12. dxe6 Bxe6 13. Qxc3 h5 14. Bc4 Rh6 15. 0-0 Bg4 16. Ne5 Qg5 17. Nxf7 Qg6 18. Nxh6 Qxh6 19. Qa5 b6 20. Qe5+ Kf8 21. Qd5 Qg6 22. Qxa8+ Ke7 23. Qxa7 Bd7 24. Qxc7 Qe6 25. Bxe6 Kxe6 26. e4 Bb5 27. Qxb6+ Kd7 28. Rac1 Bxf1 29. Rc7+ Kd8 30. Qb8# 1-0

[Event "LSS ZN-2009-0-00778"]
[Site "LSS email"]
[Date "2009.10.23"]
[Round "?"]
[White "Young, Thomas"]
[Black "Barna, David"]
[Result "1-0"]
[WhiteElo "800"]
[BlackElo "656"]
[PlyCount "63"]
[EventDate "2009.10.19"]
[EventType "match (corr)"]
[EventRounds "2"]
[EventCountry "GER"]
[SourceTitle "Telechess CBM 137"]
[Source "ChessBase"]
[SourceDate "2010.07.15"]
[SourceVersion "1"]
[SourceVersionDate "2010.07.15"]
[SourceQuality "1"]

1. d4 d5 2. f4 Nf6 3. Nc3 Nc6 4. g3 g6 5. h4 Bg7 6. e3 0-0 7. a4 Bg4 8. Be2 e6 9. b3 Ne7 10. Bxg4 b6 11. Bh3 Nf5 12. Ba3 Nh5 13. Bxf8 Qxf8 14. Nf3 Nfxg3 15. Rg1 Nf5 16. Qd2 Nfg3 17. Nb5 Ne4 18. Qc1 Qb4+ 19. c3 Neg3 20. cxb4 Ne4 21. Nxc7 Rc8 22. Bf1 Nhg3 23. Ba6 Rd8 24. Qc6 Bf6 25. Rc1 Bxh4 26. Nxh4 Kg7 27. Ne8+ Kh6 28. Qc7 Rxe8 29. Qxf7 Rh8 30. Rc6 Nf5 31. Nxf5+ Kh5 32. Be2# 1-0

[Event "LSS ZN-2009-0-00777"]
[Site "LSS email"]
[Date "2009.10.21"]
[Round "?"]
[White "Lychev, Vassily"]
[Black "Barna, David"]
[Result "1-0"]
[WhiteElo "1106"]
[BlackElo "665"]
[PlyCount "59"]
[EventDate "2009.10.18"]
[EventType "match (corr)"]
[EventRounds "2"]
[EventCountry "GER"]
[SourceTitle "Telechess CBM 137"]
[Source "ChessBase"]
[SourceDate "2010.07.15"]
[SourceVersion "1"]
[SourceVersionDate "2010.07.15"]
[SourceQuality "1"]

1. d4 d5 2. Nf3 Nc6 3. c4 Nf6 4. cxd5 Nxd5 5. e4 g6 6. exd5 Na5 7. Qa4+ c6 8. b4 b5 9. Qxa5 Qd6 10. dxc6 a6 11. Nc3 Qe6+ 12. Be3 Bg7 13. Nxb5 0-0 14. Nc7 Qe4 15. Qb6 Bf5 16. Nxa8 Rxa8 17. Bxa6 Qc2 18. 0-0 e5 19. Nxe5 Be6 20. b5 Bd5 21. c7 Bxe5 22. dxe5 Qe4 23. f3 Qxe5 24. c8Q+ Rxc8 25. Bxc8 Qe8 26. Rfd1 Qxe3+ 27. Qxe3 Bc4 28. Qh6 Bxb5 29. Rd8+ Be8 30. Rxe8# 1-0

[Event "LSS OP-2009-0-00974"]
[Site "LSS email"]
[Date "2009.10.20"]
[Round "?"]
[White "Barna, David"]
[Black "Lauer, Fredric"]
[Result "0-1"]
[WhiteElo "655"]
[BlackElo "1339"]
[PlyCount "64"]
[EventDate "2009.10.17"]
[EventType "tourn (corr)"]
[EventRounds "4"]
[EventCountry "GER"]
[SourceTitle "Telechess CBM 137"]
[Source "ChessBase"]
[SourceDate "2010.07.15"]
[SourceVersion "1"]
[SourceVersionDate "2010.07.15"]
[SourceQuality "1"]

1. e4 e6 2. Nc3 c5 3. Nf3 Nc6 4. g3 d6 5. Bg2 Nf6 6. 0-0 g6 7. d3 Bg7 8. d4 cxd4 9. Nb5 e5 10. c4 0-0 11. b3 a6 12. Nc3 dxc3 13. Bg5 Bg4 14. Qd3 Bxf3 15. Qxf3 Nd4 16. Qxc3 Ne2+ 17. Kh1 Nxc3 18. Rac1 Ne2 19. Rcd1 Nd4 20. Rd2 Qa5 21. Rd3 Qxa2 22. Rfd1 Ng4 23. R3d2 Qxb3 24. Bh3 Qf3+ 25. Bg2 Nxf2+ 26. Kg1 Ne2+ 27. Kf1 Nxg3+ 28. Kg1 Qg4 29. Rxf2 Qxd1+ 30. Bf1 Nxf1 31. Bh4 Ne3+ 32. Rf1 Qxf1# 0-1

[Event "LSS ZN-2009-0-00776"]
[Site "LSS email"]
[Date "2009.10.20"]
[Round "?"]
[White "Barna, Tamas Jr"]
[Black "Barna, David"]
[Result "0-1"]
[WhiteElo "507"]
[BlackElo "581"]
[PlyCount "30"]
[EventDate "2009.10.18"]
[EventType "match (corr)"]
[EventRounds "2"]
[EventCountry "GER"]
[SourceTitle "Corr 2015"]
[Source "ChessBase"]
[SourceDate "2015.07.17"]
[SourceVersion "1"]
[SourceVersionDate "2015.07.17"]
[SourceQuality "1"]

1. e4 e5 2. Nf3 Nc6 3. d4 Nf6 4. d5 Bb4+ 5. Bd2 Nxe4 6. dxc6 0-0 7. Bxb4 d6 8. Qd5 Be6 9. Qxe4 Bd5 10. Qxd5 bxc6 11. Qxc6 Qb8 12. Nxe5 Qxb4+ 13. c3 Qxb2 14. Nd7 Rfe8+ 15. Be2 Qxe2# 0-1

[Event "LSS OP-2009-0-00974"]
[Site "LSS email"]
[Date "2009.10.20"]
[Round "?"]
[White "Drexhage, Ulrich"]
[Black "Barna, David"]
[Result "1-0"]
[WhiteElo "832"]
[BlackElo "631"]
[PlyCount "77"]
[EventDate "2009.10.17"]
[EventType "tourn (corr)"]
[EventRounds "4"]
[EventCountry "GER"]
[SourceTitle "Corr 2013"]
[Source "ChessBase"]
[SourceDate "2012.11.12"]
[SourceVersion "1"]
[SourceVersionDate "2012.11.12"]
[SourceQuality "1"]

1. Nf3 Nc6 2. c4 e5 3. Nc3 Nf6 4. e4 g6 5. b3 Bg7 6. Bb2 0-0 7. Be2 Nh5 8. 0-0 Nf4 9. Nd5 d6 10. g3 Nh3+ 11. Kh1 Qd7 12. Ng1 Ng5 13. f4 Nh3 14. Nxh3 Qxh3 15. fxe5 Nd4 16. Bxd4 Qh6 17. Nf6+ Bxf6 18. Rxf6 Re8 19. exd6 cxd6 20. Qf1 Rf8 21. Be3 Bh3 22. Bxh6 Bxf1 23. Raxf1 Rae8 24. Bxf8 Rxf8 25. c5 dxc5 26. Bc4 Re8 27. Bxf7+ Kf8 28. Bxe8+ Kxe8 29. Rf8+ Ke7 30. R1f7+ Ke6 31. Rxh7 Ke5 32. Rxb7 Kxe4 33. Rxa7 g5 34. Rg7 Kd4 35. Rxg5 c4 36. Rf3 cxb3 37. Rxb3 Ke4 38. Rg4+ Kf5 39. h3 1-0

[Event "LSS OP-2006-0-00184"]
[Site "LSS email"]
[Date "2006.11.05"]
[Round "?"]
[White "Trevis, Robert R"]
[Black "Barna, David"]
[Result "1-0"]
[WhiteElo "650"]
[BlackElo "581"]
[PlyCount "29"]
[EventDate "2006.11.04"]
[EventType "tourn (corr)"]
[EventRounds "4"]
[EventCountry "GER"]
[SourceTitle "Corr 2015"]
[Source "ChessBase"]
[SourceDate "2015.07.17"]
[SourceVersion "1"]
[SourceVersionDate "2015.07.17"]
[SourceQuality "1"]

1. e4 e5 2. Nf3 Nc6 3. Nc3 Nf6 4. d4 Bb4 5. Nxe5 Nxe5 6. dxe5 Nxe4 7. Qg4 Bxc3+ 8. bxc3 d5 9. Qxg7 Rf8 10. Bh6 Qe7 11. Qxf8+ Qxf8 12. Bb5+ c6 13. Bxf8 Kxf8 14. Bd3 Bf5 15. f3 1-0